| Tag |
First Indicator |
Second Indicator |
Subfields |
| LEADER |
00000cam a2200000 4500 |
| 001 |
in00000037915 |
| 005 |
20151007080717.0 |
| 008 |
730823s1954 eng u |
| 010 |
|
|
|a 54011149
|
| 035 |
|
|
|a (OCoLC)00681443
|
| 035 |
|
|
|9 AAF5252AM
|
| 040 |
|
|
|c DAY
|d TXA
|d UtOrBLW
|
| 049 |
|
|
|a TXAM
|c [247488]
|
| 050 |
0 |
0 |
|a BX4705.D284
|b A3
|
| 082 |
0 |
|
|a 922.273
|
| 092 |
|
|
|a 282.73
|b D273n
|
| 100 |
1 |
|
|a Day, Helen Caldwell,
|d 1926-
|
| 245 |
1 |
0 |
|a Not without tears.
|
| 264 |
|
1 |
|a New York :
|b Sheed and Ward,
|c 1954.
|
| 300 |
|
|
|a 270 pages ;
|c 22 cm.
|
| 336 |
|
|
|a text
|b txt
|2 rdacontent
|
| 337 |
|
|
|a unmediated
|b n
|2 rdamedia
|
| 338 |
|
|
|a volume
|b nc
|2 rdacarrier
|
| 610 |
2 |
0 |
|a Blessed Martin House of Hospitality, Memphis.
|
| 999 |
|
|
|a MARS
|
| 999 |
f |
f |
|s b93960ed-33fd-3794-9439-3364c92fe66f
|i 1e721926-d088-340c-8656-23568ac48139
|t 0
|
| 952 |
f |
f |
|p ric
|a Texas A&M University
|b Rellis Campus
|c Joint Library Facility
|d Remote Storage
|t 0
|e BX4705.D284 A3
|h Library of Congress classification
|i unmediated -- volume
|m A14800623376
|
| 998 |
f |
f |
|a BX4705.D284 A3
|t 0
|l Remote Storage
|